[Event "E World Cup 2017"]
[Site "Tbilisi GEO"]
[Date "2017.09.10"]
[Round "3.2"]
[White "Sethuraman, SP."]
[Black "Giri, Anish"]
[Result "1/2-1/2"]
[WhiteElo "2618"]
[BlackElo "2772"]
[EventDate "2017.09.03"]
[Annotator "Bojkov,Dejan"]
[PlyCount "155"]
[Beauty "4330484708950"]
[EventType "schev"]
[EventRounds "5"]
[EventCountry "GEO"]

1.e4 c5 2.Nf3 d6 3.d4 cxd4 4.Nxd4 Nf6 5.Nc3 a6 6.Be2 e5 7.Nb3 Be7 8.Be3 Be6 9.Qd3 O-O 10.O-O Nbd7 11.Nd5 Bxd5 12.exd5 Rc8 13.c4 g6 ( 13...Ne8 14.Qd2 b6 15.Rac1 a5 16.Na1 g6 17.b4 Ng7 18.bxa5 bxa5 19.Bd3 Nc5 {Carlsen,M (2853)-Grischuk,A (2771) Saint Louis 2015} ) 14.Rac1 Ne8 15.Qd2 $146 ( 15.Rfd1 b6 16.Qd2 Ng7 17.Na1 Nf5 18.b4 Nxe3 19.fxe3 f5 20.Nb3 Bg5 21.c5 f4 {Carlsen,M (2853)-Grischuk,A (2771) Saint Louis 2015} ) 15...Ng7 16.Na5 {Giri sacrifices a pawn but will not really get compensation.} 16...Nf5 17.Nxb7 Qc7 18.Na5 Nxe3 19.fxe3 Bg5 20.b4 Qb6 21.Rf3 f5 22.Nc6 f4 23.Qc2 $1 {This simple-looking move refutes everything.} 23...fxe3 $6 {And this loses instantly.} 24.Rg3 Bh4 ( {Also after} 24...Bf6 25.Rxg6+ {is possible.} ) 25.Rxg6+ $1 Kh8 ( 25...hxg6 26.Qxg6+ Kh8 27.Qh5+ $1 Kg7 28.Qg4+ ) 26.Rxd6 Nf6 27.g3 Qc7 28.Re6 Bxg3 29.hxg3 Qg7 {In a mind-boggling game Sethuraman played brilliantly until he reached a winning position but the tenacious defense of Anish Giri prevented him to advance in the next stage of the tournament. Still, the Indian player had plenty of chances to wrap up the game. I will show two to our viewers. Instead of} 30.Bf3 ( 30.Kg2 {was fine but the flashy} ) ( {Sethuraman could had won in a study-like way with:} 30.g4 $1 Nxg4 31.Rg6 $1 {The key move. White locks the g-file and safeguards the king.} ( {Most likely both players calculated the lines after} 31.Bxg4 Qxg4+ 32.Qg2 Qh4 33.Nxe5 Rf2 34.Nf7+ Rxf7 35.Re4 Qh6 36.Qb2+ Rg7+ 37.Rg4 Rg8 38.Rc2 Qh4 39.Rxg7 Qe1+ 40.Kh2 Qh4+ 41.Kg1 Rxg7+ 42.Rg2 Qe1+ 43.Kh2 Qh4+ {which would end in a draw.} ) 31...hxg6 ( {Or} 31...Qxg6 32.Qxg6 hxg6 33.Bxg4 {with an easy win in the endgame.} ) 32.Bxg4 {is also completely winning.} 32...Rf2 ( {Or} 32...Qh6 33.Qh2 ) 33.Qe4 Rcf8 ( {In case of} 33...Qh6 {White can be even greedy} 34.Qxe5+ Kh7 35.Bxc8 {as his queen is so nicely centralized.} ) 34.Qxe3 {and wins.} ) 30...e2 31.g4 Nxd5 32.Qxe2 Nf4 33.Qxe5 Nxe6 34.Qxe6 Rce8 35.Qd5 Rf4 36.Rf1 Re3 37.Qd8+ Rf8 38.Qd5 Rf4 39.Rf2 $2 ( 39.Kh2 ) 39...Re1+ $2 ( {Giri had more than eight minutes on the clock here, which should have been enough to find} 39...Rexf3 $1 40.Rxf3 Rxg4+ 41.Kf2 Qb2+ {and Black gives a perpetual in all lines.} ) 40.Kh2 Qh6+ {The second moment arose. Both players just finished the time-trouble phase and White had enough time to chose wise his retreat square for the king.} 41.Kg2 ( 41.Kg3 $1 {would have been safer for the king. White wins, although the lines are quite complicated. Some sample lines:} 41...Rg1+ ( {Or} 41...Qf6 42.g5 Qf8 43.Re2 Rxe2 44.Bxe2 ) 42.Bg2 Rxf2 43.Kxf2 Qc1 44.Qd4+ Kg8 45.Bd5+ Kf8 46.Qh8# ) 41...Qh4 42.Qd7 Rxc4 {And Giri somehow survived this chess thriller.} 43.Qc8+ Kg7 44.Qd7+ Kh8 45.Nd4 h5 46.Rf1 hxg4 47.Bxg4 Rxf1 48.Kxf1 Qf6+ 49.Nf3 $6 ( {The last of many wins was} 49.Bf5 $1 Rc1+ ( 49...Qh4 50.Qe8+ Kg7 51.Qg6+ Kh8 52.Nf3 Rc1+ 53.Kg2 Qh1+ 54.Kg3 ) 50.Ke2 Qe5+ 51.Kd3 Qg3+ 52.Ke4 Qh4+ 53.Bg4 ) 49...Rxb4 50.Qc8+ Kg7 51.Qc7+ Kh6 52.Qh2+ Kg7 53.Qc7+ Kh6 54.Qc1+ Kg7 55.Qd1 Rxg4 56.Qd7+ Kf8 57.Qc8+ Ke7 58.Qxg4 Qa1+ 59.Kg2 Qxa2+ 60.Kg3 Qe6 61.Qg7+ Kd6 62.Qa7 Qg6+ 63.Kf4 Qf6+ 64.Ke3 Qc3+ ( {Giri completely missed} 64...Qe7+ 65.Qxe7+ Kxe7 {here. :-)} ) 65.Ke4 Qb4+ 66.Nd4 Qe1+ 67.Kd3 Qd1+ 68.Kc3 Qa1+ 69.Kc2 Qa2+ 70.Kd3 Qb1+ 71.Ke3 Qg1+ 72.Kd2 Qf2+ 73.Kc3 Qe1+ 74.Kb2 Qb4+ 75.Nb3 a5 76.Qa6+ Kc7 77.Qxa5+ Qxa5 78.Nxa5 1/2-1/2

[Event "E World Cup 2017"]
[Site "Tbilisi GEO"]
[Date "2017.09.11"]
[Round "3.4"]
[White "Jobava, Baadur"]
[Black "Nepomniachtchi, Ian"]
[Result "1-0"]
[WhiteElo "2687"]
[BlackElo "2751"]
[EventDate "2017.09.03"]
[Annotator "Bojkov,Dejan"]
[PlyCount "65"]
[Beauty "8179899454988"]
[EventType "schev"]
[EventRounds "5"]
[EventCountry "GEO"]

1.e4 c5 2.Nf3 d6 3.c3 Nf6 4.Bd3 g6 5.Bc2 Bg7 6.d4 cxd4 7.cxd4 O-O 8.O-O Bg4 ( 8...Nc6 9.h3 e5 10.d5 Ne7 11.Nc3 h6 12.Be3 Kh8 13.Nd2 Ne8 {Khismatullin,D (2679)-Gordievsky,D (2471) Khanty-Mansiysk 2014} ) 9.Nbd2 Nc6 10.h3 Bd7 11.Re1 Rc8 12.a3 b5 $146 ( 12...Qb6 13.Nb3 Na5 14.Nxa5 Qxa5 15.Bg5 h6 16.Bd2 Qb6 17.Bc3 Ne8 18.Qd2 Nc7 {Ghaem Maghami,E (2623) -Ibrahimov, R (2501) Teheran 2005} ) 13.Bd3 Qb6 14.Nb3 Na5 15.Nxa5 Qxa5 16.Bd2 Qb6 17.Bg5 ( 17.Qe2 $5 ) 17...Rfe8 18.Qd2 a5 19.Bh6 b4 20.axb4 axb4 21.e5 Nd5 22.Be4 e6 23.Bxg7 Kxg7 24.Nh2 Ne7 25.Ng4 Ng8 26.Re3 dxe5 27.dxe5 Bc6 ( 27...Red8 $5 ) 28.Bxc6 Rxc6 29.Rf3 Rd8 30.Qf4 Qc7 31.Nf6 Rc4 32.Qe3 {Black has to suffer a lot in order to deserve the half point. But there was no need to lose the game in one move.} 32...Rcd4 $4 33.Qxd4 1-0

[Event "E World Cup 2017"]
[Site "Tbilisi GEO"]
[Date "2017.09.13"]
[Round "4.2"]
[White "Giri, Anish"]
[Black "Ivanchuk, Vassily"]
[Result "1/2-1/2"]
[WhiteElo "2772"]
[BlackElo "2728"]
[EventDate "2017.09.03"]
[Annotator "Bojkov,Dejan"]
[PlyCount "98"]
[Beauty "5635802399262"]
[EventType "schev"]
[EventRounds "5"]
[EventCountry "GEO"]

1.c4 e5 2.Nc3 d6 3.g3 g6 4.d4 Nd7 5.Nf3 Bg7 6.Bg2 Ngf6 7.O-O O-O 8.e4 a6 9.Qc2 exd4 10.Nxd4 Re8 11.Re1 ( {Giri mixed up some things here. Later he said} 11.Rd1 {is the move, e.g.} 11...Rb8 12.h3 c6 13.Bf4 Ne5 14.c5 Bf8 15.cxd6 Bxd6 16.Bxe5 Rxe5 17.Nf3 Qe7 {Kovalenko,I (2700)-Maze,S (2582) Berlin 2015} ) 11...Ne5 12.b3 c5 13.Nf3 Nfg4 $146 ( 13...Nc6 14.Bf4 Bg4 15.h3 Bxf3 16.Bxf3 Nd4 17.Qd1 Qa5 18.Bd2 Nd7 19.Bg2 Ne5 {Donchenko,A (2498)-Shoker,S (2453) Metz 2014} ) 14.Nxe5 Nxe5 15.Bb2 Nc6 16.Qd2 Qa5 17.Rad1 Bg4 18.f3 Be6 19.Nd5 Qxd2 20.Rxd2 Bxb2 21.Rxb2 Bxd5 22.cxd5 Nd4 23.f4 $6 ( 23.b4 {(Giri) still keeps an edge.} ) 23...a5 $1 {Now White has no play, and the knight is stronger than the bishop.} 24.Kf2 f6 25.h4 Re7 26.g4 h6 27.Ke3 f5 {Black is clearly better...} 28.Kd3 fxg4 29.e5 Kg7 {...and now technically winning. A true disaster for Giri, who nonetheless manages to hang on for quite some time.} 30.Re4 Nf5 31.Kc4 Ra6 32.a3 h5 33.Ree2 Nd4 34.Re4 b5+ 35.Kc3 b4+ 36.Kc4 bxa3 37.Ra2 Rb7 38.Rxa3 Nf5 39.Kc3 Rab6 40.Bf1 g3 ( {The simplest is probably} 40...Nxh4 ) 41.Bh3 Nd4 42.Kd2 Nxb3+ 43.Kd3 Nd4 44.exd6 Rxd6 45.Kc4 {The blunder of the day would be Ivanchuk's move which forced a draw in a won position. Still, this was wise decision as the Ukranian legend advanced into the next round!} 45...Rb4+ {If all the blunders were that effective...} ( {Instead Black could had fought for the full point with} 45...Rdb6 {with the idea to meet} 46.Rxg3 ( 46.Kxc5 $2 {with} 46...Nb3+ 47.Kc4 Rb4+ 48.Kd3 Nc5+ ) ( 46.Rxa5 {also drops material after} 46...Nb3 ) 46...Rb4+ 47.Kxc5 Nb3+ 48.Rxb3 Rxb3 {should still be winning but Ivanchuk thought it was dangerous.} ) 46.Kxc5 {Alas, there is no other way.} ( 46.Kd3 Rxd5 {would win easily for Black.} ) ( {As well as} 46.Kc3 Nb5+ ) 46...Rdb6 {The perpetual is unavoidable.} 47.Rxd4 ( {Ivan Sokolov was surprised that Giri, in this match situation, did not try} 47.Rxg3 Nb3+ 48.Rxb3 Rxb3 49.Bf1 {although} 49...R6b4 $1 {looks like a killer.} ) 47...R6b5+ 48.Kc6 Rb6+ 49.Kc5 ( 49.Kc7 Rb7+ 50.Kc8 Rb8+ {and since the king needs to stick to the black rook it is perpetual.} ) 49...R6b5+ 1/2-1/2

[Event "E World Cup 2017"]
[Site "Tbilisi GEO"]
[Date "2017.09.14"]
[Round "4.3"]
[White "So, Wesley"]
[Black "Jobava, Baadur"]
[Result "1-0"]
[WhiteElo "2810"]
[BlackElo "2687"]
[EventDate "2017.09.03"]
[Annotator "Bojkov,Dejan"]
[PlyCount "131"]
[Beauty "6049998313478"]
[EventType "schev"]
[EventRounds "5"]
[EventCountry "GEO"]

1.Nf3 Nf6 2.c4 b6 3.g3 Bb7 4.Bg2 e6 5.O-O Be7 6.Nc3 O-O 7.Re1 d5 8.cxd5 exd5 9.d4 Re8 ( 9...Nbd7 10.Bf4 c5 11.Rc1 Ne4 12.Nxe4 dxe4 13.Nd2 f5 14.Nc4 Nf6 15.dxc5 Bxc5 {Korobov,A (2668)-Anton Guijarro,D (2654) Kocaeli 2017} ) 10.Bf4 h6 $146 ( 10...Na6 11.Rc1 h6 12.Ne5 Bf8 13.Qa4 c5 14.Nb5 Nb4 15.a3 Nc6 16.Qc2 g5 {Lalith,B (2587)-Jobava,B (2702) Doha 2016} ) 11.Ne5 Nbd7 12.Qa4 Nf8 13.Nc6 Qd7 14.Nxe7+ Rxe7 15.Qxd7 Rxd7 16.Bh3 Re7 17.Nb5 Ng6 18.Be3 Ne4 19.a4 a6 20.Nc3 Nxc3 21.bxc3 Rae8 22.Bg2 c6 23.Ra2 f6 {Move of the day. The way that So regrouped his forces to force Jobava into passive defense.} 24.Bc1 $1 Nh8 25.Ba3 Rc7 {The pressure along the e-file has been released, White can concentrate on the queenside play.} 26.Rb2 b5 27.e4 $1 {One more consequence from the regroupment. The bishops are getting extra air.} 27...Nf7 ( 27...dxe4 28.Bxe4 {with discovered attack ideas. And if the rook runs:} 28...Rd8 29.Bc5 Rcc8 30.Rbe2 {White is positionally winning. Next the light-squared bishop will be transferred to the a2-g8 diagonal.} ) 28.Re3 bxa4 29.exd5 ( 29.h4 $5 {to further limit the knight.} ) 29...Rxe3 30.fxe3 cxd5 31.c4 $1 {With large advantage which So carefully converted.} 31...Rd7 32.Bh3 Rc7 33.Bg2 Rd7 34.Rb6 Nd8 35.cxd5 f5 ( 35...Bxd5 36.Bh3 Rb7 37.Rd6 {drops a piece for Black.} ) 36.g4 Bxd5 37.gxf5 Bc4 38.Bf1 Bxf1 39.Kxf1 {All white pieces are superior to the black ones and he has a remarkable pawn trio in the center.} 39...a5 40.Rb5 Nc6 41.Kf2 Ra7 42.Ke2 Kf7 43.Kd2 Nb4 44.e4 Rc7 45.Rxa5 Rc2+ 46.Kd1 Rc4 47.Ra7+ Kg8 48.Rxa4 Rxd4+ 49.Ke2 Rxe4+ 50.Kf3 Re5 51.Rxb4 Rxf5+ 52.Rf4 Ra5 53.Bb4 Rb5 54.Bc3 Rb7 55.Rc4 Rf7+ 56.Ke4 Kh7 57.Be5 Rf1 58.Rc7 Rg1 59.Kf5 Rg5+ 60.Ke6 Kg8 61.Rc3 Rg6+ 62.Kf5 Rg5+ 63.Kf4 Rg1 64.Kf5 Rf1+ 65.Kg6 Rg1+ 66.Bg3 {[Dejan Bojkov]} 1-0

[Event "E World Cup 2017"]
[Site "Tbilisi GEO"]
[Date "2017.09.14"]
[Round "4.4"]
[White "Rodshtein, Maxim"]
[Black "Fedoseev, Vladimir"]
[Result "0-1"]
[WhiteElo "2695"]
[BlackElo "2731"]
[EventDate "2017.09.03"]
[Annotator "Bojkov,Dejan"]
[PlyCount "86"]
[Beauty "7427072205393"]
[EventType "schev"]
[EventRounds "5"]
[EventCountry "GEO"]

1.d4 d5 2.c4 e6 3.Nf3 Nf6 4.g3 Bb4+ 5.Nbd2 dxc4 6.Bg2 b5 7.O-O a5 8.a4 c6 9.Ne1 ( 9.Qc2 O-O 10.b3 c3 11.Nb1 bxa4 12.bxa4 Bb7 13.Nxc3 c5 14.dxc5 Nbd7 15.Rd1 Qe7 16.Nb5 {1/2-1/2 (16) Yu,Y (2749)-Yilmaz,M (2630) Khanty-Mansiysk 2017} ) 9...Nd5 $146 ( 9...Ra6 10.Nc2 Be7 11.e4 O-O 12.e5 Nd5 13.Ne4 Nd7 14.Qg4 f5 15.exf6 {1/2-1/2 (15) Papaioannou,I (2624)-Vidit,S (2563) Vrachati 2013} ) 10.e4 Nb6 11.Nc2 bxa4 12.e5 Be7 13.Qg4 g6 14.Ne4 h5 15.Qf3 h4 16.Rd1 Ba6 17.Ne3 Rh5 18.g4 Rh7 19.g5 N8d7 20.Ng4 Bb5 21.Bh3 Rh8 22.Nh6 Rf8 23.Qg4 Qc7 24.Qxh4 O-O-O 25.Bd2 Nd5 26.Qg3 Qb6 27.Bc3 c5 28.Bg2 Nxc3 29.bxc3 cxd4 30.cxd4 Nb8 31.Nc3 Bb4 32.d5 a3 33.Rdc1 ( 33.Nxb5 $1 Qxb5 34.d6 ) 33...Ba6 34.Rab1 Nd7 35.Bf1 Nc5 36.Qf3 exd5 37.Nxd5 Rxd5 $1 {Very practical in the time-trouble. It is easier to attack than to defend.} 38.Qxd5 Bb7 39.Qxc4 Qc6 40.Qg4+ Kb8 41.f3 ( {Objectively best was} 41.Bg2 {but after} 41...Qxg2+ 42.Qxg2 Bxg2 43.Kxg2 a2 44.Ra1 Nb3 45.Rd1 Nxa1 46.Rxa1 a4 47.Rxa2 a3 {White has no winning chances whatsoever.} ) 41...Qd5 42.Bg2 $2 ( 42.Bc4 {would have kept the game going.} ) 42...Nb3 43.Rd1 a2 0-1

[Event "E World Cup 2017"]
[Site "Tbilisi GEO"]
[Date "2017.09.15"]
[Round "5.1"]
[White "Svidler, Peter"]
[Black "Vachier Lagrave, Maxime"]
[Result "1/2-1/2"]
[WhiteElo "2751"]
[BlackElo "2789"]
[EventDate "2017.09.03"]
[Annotator "Bojkov,Dejan"]
[PlyCount "81"]
[Beauty "6119388879366"]
[EventType "schev"]
[EventRounds "5"]
[EventCountry "GEO"]

1.c4 c5 2.Nf3 Nf6 3.Nc3 d5 4.cxd5 Nxd5 5.e4 Nb4 6.Bc4 Nd3+ 7.Ke2 Nf4+ ( 7...Nxc1+ 8.Rxc1 a6 9.d4 b5 10.Bd5 Ra7 11.dxc5 e6 12.c6 b4 13.Qd4 Rc7 14.Na4 exd5 15.exd5 Be7 {Giri, A (2773)-Harikrishna,P (2766) Wijk aan Zee 2017} ) 8.Kf1 Ne6 9.h4 Nd4 10.d3 Nbc6 11.Nb5 Be6 $146 ( {Predecessor:} 11...Nxb5 12.Bxb5 Bd7 13.Be3 e6 14.Rc1 Nb8 15.Qb3 Qb6 16.a4 Bxb5 17.Qxb5+ Nd7 {Wang,Y (2718)-Salem,A (2615) Abu Dhabi 2016} ) 12.Bf4 Nxb5 13.Bxb5 Qb6 14.Ba4 Qa6 15.Rc1 b5 16.Bb3 Bxb3 17.Qxb3 e6 18.Be3 Na5 19.Qc3 b4 20.Qc2 Nb7 21.Qc4 Qxc4 22.Rxc4 Be7 23.Ke2 O-O 24.Nd2 Rfc8 25.Nb3 a5 26.a4 bxa3 27.bxa3 a4 28.Nd2 {Move of the day. The excellent pawn sacrifice that allowed Vachier-Lagrave to defend his difficult position.} 28...Nd6 $1 {The ill-looking pawn sacrifices itself to open up the road for the bishop.} 29.Rxc5 Rcb8 {The threat is Nd6-b5.} 30.Rb1 $1 {The best move. Svidler sacrifices the h4 pawn in return, but keeps the more important one on a3 alive.} ( 30.Rc7 Bf8 {just strenghtens the threat Nd6-b5.} ) ( 30.Ra1 Nb5 {is already better for Black.} ) 30...Rxb1 31.Nxb1 Bxh4 {White is still better, but with careful defense Black saved the game.} 32.Rc6 Be7 33.Bc5 Nb5 34.Ke3 Kf8 35.Bxe7+ Kxe7 36.Rb6 Nd6 37.Nc3 ( 37.g4 $1 ) 37...h5 38.f4 f6 39.Nb5 Nxb5 40.Rxb5 h4 41.Rb7+ 1/2-1/2

[Event "E World Cup 2017"]
[Site "Tbilisi GEO"]
[Date "2017.09.17"]
[Round "5.3"]
[White "Svidler, Peter"]
[Black "Vachier Lagrave, Maxime"]
[Result "0-1"]
[WhiteElo "2756"]
[BlackElo "2804"]
[EventDate "2017.09.03"]
[Annotator "Bojkov,Dejan"]
[PlyCount "68"]
[Beauty "8044205312009"]
[EventType "schev"]
[EventRounds "5"]
[EventCountry "GEO"]
[WhiteClock "0:03:12"]
[BlackClock "0:11:56"]

1.c4 c5 2.Nf3 Nf6 3.Nc3 d5 4.cxd5 Nxd5 5.e4 Nb4 6.Bc4 Nd3+ 7.Ke2 Nf4+ ( {Harikrishna took on c1 instead against Giri} 7...Nxc1+ 8.Rxc1 a6 9.d4 b5 10.Bd5 Ra7 {but White's lead in development looks frightening, Giri,A (2773) -Harikrishna,P (2766) Wijk aan Zee 2017} ) 8.Kf1 Ne6 9.h4 Nd4 10.d3 e6 ( {Deviating from their previous game in Tbilisi, which went} 10...Nbc6 11.Nb5 Be6 $146 {Svidler,P (2756)-Vachier-Lagrave,M (2804) Tbilisi FIDE World Cup 2017} ) 11.Bf4 a6 $146 {"I was surprised once again that he would repeat a line that I thought was more or less dubious." (Vachier-Lagrave). Therefore, just in case he came up with another novelty.} ( 11...Bd6 12.e5 Be7 13.Nxd4 Qxd4 14.Qf3 O-O 15.Re1 {Diermair,A (2450)-Paravyan,D (2506) Moscow 2016} ) 12.Nxd4 cxd4 13.Ne2 Nc6 {Black got a good position from the opening.} 14.a3 ( 14.h5 $5 ) 14...Bd6 15.Bxd6 Qxd6 16.Qd2 Bd7 17.f4 e5 {Or else White wll play e4-e5 and bring his knight to e4 and eventually to d6.} 18.f5 g6 $1 19.Ng3 ( 19.g4 $6 {fails to} 19...h5 ) ( {Black is also doing great after} 19.Qh6 Qf8 $1 ) 19...Ne7 20.Qh6 O-O-O 21.h5 {The Move of the Day comes now.} ( {If} 21.Rc1 Kb8 22.h5 Qf6 $1 {is strong.} ) 21...Kc7 $1 {"I should have seen this well in advance." (Vachier-Lagrave) Indeed, if it was not for this move Black's kingside would have fallen apart.} ( 21...Qf6 {was OK here too, but less convincing as Svidler can try} 22.Kg1 {followed by Ra1-f1.} ) 22.Bxf7 ( {Maybe just} 22.Rc1 $5 {instead?} ) 22...gxf5 23.Qxd6+ Kxd6 {Now Black enjoys the better endgame.} 24.exf5 Nxf5 25.Ne4+ Ke7 26.Bb3 Ne3+ {As Kasparov would have put it: "This knight is worth a rook."} 27.Ke2 Bc6 {While the other one can be swapped.} 28.Rac1 Rhf8 29.Rh3 {This counter-attacking attempt fails.} 29...Nxg2 30.Rxc6 bxc6 31.Rg3 Nf4+ 32.Ke1 Rb8 33.Rg7+ Kd8 34.Bf7 Rb7 0-1

[Event "E World Cup 2017"]
[Site "Tbilisi GEO"]
[Date "2017.09.17"]
[Round "5.3"]
[White "Vachier Lagrave, Maxime"]
[Black "Svidler, Peter"]
[Result "1/2-1/2"]
[WhiteElo "2804"]
[BlackElo "2756"]
[EventDate "2017.09.03"]
[Annotator "Bojkov,Dejan"]
[PlyCount "151"]
[Beauty "4402341491210"]
[EventType "schev"]
[EventRounds "5"]
[EventCountry "GEO"]
[WhiteClock "0:08:39"]
[BlackClock "0:01:33"]

1.e4 e5 2.Nf3 Nc6 3.Bc4 Bc5 4.c3 Nf6 5.d3 d6 6.O-O a6 7.a4 h6 8.Re1 O-O 9.h3 a5 10.Nbd2 Be6 11.Bb5 Na7 ( 11...Ne7 12.d4 exd4 13.Nxd4 Bd7 ( 13...Ng6 14.N2f3 c6 15.Nxe6 fxe6 16.Bc4 d5 17.exd5 exd5 18.Bd3 Ne4 {Vachier-Lagrave,M (2789)-Grischuk,A (2783) Tbilisi GEO 2017} ) 14.Nf1 Re8 15.Ng3 Ng6 16.f4 ( 16.Bc4 c6 17.Be3 Qc7 18.Ba2 Re5 19.Qc2 Rae8 20.Nf3 R5e7 {Vachier-Lagrave,M (2789)-Grischuk,A (2783) Tbilisi GEO 2017} ) 16...Bxb5 17.axb5 Qd7 18.Kh2 Re7 19.Ndf5 Re6 20.Nd4 Re7 21.b4 Bxd4 22.cxd4 Qxb5 23.f5 Nf8 24.Rxa5 Rxa5 25.bxa5 Qxa5 26.Bb2 N8d7 27.Qc1 Re8 {1/2-1/2 (27) Vachier-Lagrave,M (2804)-Svidler,P (2756) Tbilisi GEO 2017} ) 12.d4 exd4 ( 12...Nxb5 13.dxc5 Na7 14.b3 Re8 15.cxd6 Qxd6 16.Ba3 Qa6 17.b4 axb4 18.cxb4 b5 19.Bb2 Nc6 {Vachier-Lagrave,M (2789)-Grischuk,A (2783) Tbilisi GEO 2017} ) 13.cxd4 Bb4 14.Bd3 {This line was mentioned in my notes of Vachier-Lagrave's earlier game against Grischuk.} 14...d5 15.e5 Nd7 16.Re2 c5 17.Nf1 cxd4 18.Bc2 Nc5 19.Nxd4 Nc6 20.Ng3 {White got a slightly beter position from the opening and pressed till the end of the game.} 20...Nxd4 21.Qxd4 f5 22.exf6 Qxf6 23.Be3 Qxd4 24.Bxd4 Bd7 25.Rd1 Rae8 26.Rxe8 Bxe8 27.b3 b5 28.axb5 Bxb5 29.Be3 Bc6 30.Nf5 Ne4 31.Nd4 Bd7 32.Bd3 Rb8 33.f3 Nc3 34.Rc1 a4 35.bxa4 Bxa4 36.Kh2 Bd6+ 37.f4 Nd1 38.Bd2 Nf2 39.Bf5 Ne4 40.Be6+ Kh7 41.Be3 Nf6 42.Nf5 Re8 43.Bf7 Rxe3 44.Nxd6 Re7 45.f5 Be8 46.Be6 g6 47.Nxe8 Nxe8 48.fxg6+ Kxg6 49.Bxd5 Nf6 50.Bf3 Re5 51.Kg3 Rg5+ 52.Kf2 Ra5 53.Rc4 Kg5 54.h4+ Kg6 55.g4 Ra7 56.Kg3 Kg7 57.Rc6 Re7 58.Bd1 Rd7 59.Bc2 Re7 60.Bf5 Re3+ 61.Kf2 Re7 62.Kf3 Ra7 63.Be6 Ra3+ 64.Kf4 Ra4+ 65.Bc4 Ra7 66.h5 Ra5 67.Rc7+ Kh8 68.Kf3 Re5 69.Rf7 Nxg4 $1 {A nice way to force a draw. Svidler takes the really dangerous pawn.} 70.Rf8+ ( 70.Kxg4 {is the game.} ) 70...Kh7 71.Rf7+ Kh8 72.Kxg4 Re4+ 73.Rf4 Rxf4+ 74.Kxf4 {It's a fortress as Black does not even need the h6 pawn.} 74...Kg7 75.Kf5 Kh8 76.Kg6 1/2-1/2